000 00717nam a2200241Ia 4500
003 OSt
005 20220925215303.0
006 a|||||r|||| 00| 0
007 ta
008 220923b |||||||| |||| 00| 0 eng d
020 _a0 435 8200 X
037 _cGeneral Book
040 _aRTL
_cRTL
_beng
041 _2eng
_aeng
082 _aX:77.6.N7, L4
100 _aDavidson Basil
245 0 _aCan Africa survive
_b Arguments against growth without development
260 _aLondon
_bHeinemann U. K.
_c1974
300 _axii,207p. Bibliography p.181-99
_ccm.
650 _aEconomic Development
_917300
942 _hX:77.6.N7, L4
_cGB
_2CC
999 _c568374
_d568374